000 00806nam a22002295i 4500
001 176920
003 ES-MaACL
005 20230906220219.0
008 110218s1968 sp a d |||| | spa d
080 _a811.134.2(03)
245 0 0 _aDiccionario de la lengua /
_c[dirección Enrique Sordo].
260 _aBarcelona :
_bArgos,
_c[1968]
300 _a3 v. :
_bil. col. y n. ;
_c24 cm.
490 1 _aEnciclopedia internacional Focus
594 _aVol. de extensión, complementarios de la Enciclopedia internacional Focus.
650 4 _aLengua española-
_vDiccionarios.
_914137
700 1 _aSordo, Enrique.
_9107330
740 0 2 _aEnciclopedia internacional Focus.
830 1 _aEnciclopedia internacional Focus
_9190302
852 4 _aES-MaACL
_jE-14358-60
_xOlim P-381-Ter
999 _c176920
_d176920